[Event "FRA-ch Youth U20 2019"]
[Site "Hyeres"]
[Date "2019.04.14"]
[Round "1.1"]
[White "Laurent-Paoli, Pierre"]
[Black "Bremond, Abel"]
[Result "1-0"]
[WhiteElo "2352"]
[BlackElo "1847"]
[Annotator "NA"]
[PlyCount "47"]
[EventDate "2019.04.14"]
[EventType "swiss"]
[EventCountry "FRA"]
[SourceTitle "playchess.com"]
[Source "ChessBase"]
[SourceQuality "1"]
[TimeControl "5400+30"]

1. d4 {[%emt 0:00:00]} f5 {[%emt 0:00:00]} 2. Bg5 {[%emt 0:00:19]} h6 {[%emt 0:00:05]} 3. Bh4 {[%emt 0:00:05]} g5 {[%emt 0:00:20]} 4. e4 {[%emt 0:00:11]} Rh7 {[%emt 0:00:44]} 5. Qh5+ {[%emt 0:08:14]} Rf7 {[%emt 0:00:06]} 6. Bxg5 {[%emt 0:00:18]} hxg5 {[%emt 0:00:39]} 7. Nf3 {[%emt 0:00:04]} fxe4 {[%emt 0:06:43]} 8. Nxg5 {[%emt 0:06:52]} Nh6 {[%emt 0:01:24]} 9. Nc3 {[%emt 0:10:37]} e6 {[%emt 0:26:57]} 10. O-O-O {[%emt 0:11:32]} d5 {[%emt 0:10:02]} 11. f3 {[%emt 0:00:12]} e3 {[%emt 0:11:14]} 12. Bb5+ {[%emt 0:03:01]} Nc6 {[%emt 0:09:04]} 13. Rhe1 {[%emt 0:00:54]} Be7 {[%emt 0:08:08]} 14. f4 {[%emt 0:19:04]} Bxg5 {[%emt 0:06:21]} 15. fxg5 {[%emt 0:00:05]} Ng8 {[%emt 0:01:55]} 16. Rxe3 {[%emt 0:01:14]} Kf8 {[%emt 0:03:46]} 17. g6 {[%emt 0:08:11]} Rf5 {[%emt 0:00:47]} 18. g7+ {[%emt 0:00:05]} Kxg7 {[%emt 0:02:06]} 19. Rg3+ {[%emt 0:00:06]} Kf8 {[%emt 0:02:08]} 20. Qh8 {[%emt 0:00:09]} Ke7 {[%emt 0:04:08]} 21. Rxg8 {[%emt 0:00:56]} Rf8 {[%emt 0:00:54]} 22. Qg7+ {[%emt 0:01:18]} Rf7 {[%emt 0:00:48]} 23. Qg5+ {[%emt 0:00:08]} Kd7 {[%emt 0:02:32]} 24. Rxd8# {[%emt 0:00:07]} 1-0

[Event "FRA-ch Youth U20 2019"]
[Site "Hyeres"]
[Date "2019.04.14"]
[Round "1.2"]
[White "Junger, Quentin"]
[Black "Philippe, Guillaume"]
[Result "0-1"]
[WhiteElo "1770"]
[BlackElo "2352"]
[Annotator "NA"]
[PlyCount "78"]
[EventDate "2019.04.14"]
[EventType "swiss"]
[EventCountry "FRA"]
[SourceTitle "playchess.com"]
[Source "ChessBase"]
[SourceQuality "1"]
[TimeControl "5400+30"]

1. d4 {[%emt 0:00:00]} Nf6 {[%emt 0:00:00]} 2. Bg5 {[%emt 0:00:00]} e6 {[%emt 0:01:26]} 3. e4 {[%emt 0:00:08]} h6 {[%emt 0:00:24]} 4. Bxf6 {[%emt 0:00:37]} Qxf6 {[%emt 0:00:07]} 5. Nf3 {[%emt 0:01:09]} d6 {[%emt 0:02:40]} 6. Bd3 {[%emt 0:02:54]} g6 {[%emt 0:00:47]} 7. O-O {[%emt 0:04:48]} Bg7 {[%emt 0:00:22]} 8. Nc3 {[%emt 0:03:02]} O-O {[%emt 0:00:48]} 9. Qd2 {[%emt 0:03:39]} b6 {[%emt 0:12:23]} 10. e5 {[%emt 0:07:06]} Qd8 {[%emt 0:00:10]} 11. Ne2 {[%emt 0:06:07]} Bb7 {[%emt 0:00:38]} 12. exd6 {[%emt 0:04:41]} cxd6 {[%emt 0:01:11]} 13. Qf4 {[%emt 0:04:04]} Nc6 {[%emt 0:01:34]} 14. Rad1 {[%emt 0:05:19]} Nb4 {[%emt 0:04:24]} 15. a3 {[%emt 0:53:56]} Nxd3 {[%emt 0:00:15]} 16. Rxd3 {[%emt 0:00:00]} Rc8 {[%emt 0:00:15]} 17. c3 {[%emt 0:00:00]} Qc7 {[%emt 0:00:44]} 18. Ng3 {[%emt 0:00:00]} Ba6 {[%emt 0:00:09]} 19. c4 {[%emt 0:00:00]} Qxc4 {[%emt 0:03:57]} 20. Rc3 {[%emt 0:00:00]} Qd5 {[%emt 0:01:06]} 21. Rfc1 {[%emt 0:00:00]} e5 {[%emt 0:02:43]} 22. dxe5 {[%emt 0:00:00]} Rxc3 {[%emt 0:00:31]} 23. bxc3 {[%emt 0:00:00]} dxe5 {[%emt 0:00:15]} 24. Qa4 {[%emt 0:00:00]} Qc4 {[%emt 0:01:17]} 25. Qd7 {[%emt 0:00:00]} e4 {[%emt 0:03:47]} 26. Nd4 {[%emt 0:00:00]} Bc8 {[%emt 0:02:50]} 27. Qc6 {[%emt 0:00:00]} Qxc6 {[%emt 0:00:54]} 28. Nxc6 {[%emt 0:00:00]} Bd7 {[%emt 0:01:15]} 29. Ne7+ {[%emt 0:00:00]} Kh8 {[%emt 0:01:35]} 30. Nd5 {[%emt 0:00:00]} f5 {[%emt 0:01:31]} 31. Ne2 {[%emt 0:00:00]} Be6 {[%emt 0:01:37]} 32. Ne7 {[%emt 0:00:00]} Kh7 {[%emt 0:00:45]} 33. Nf4 {[%emt 0:00:00]} Bf7 {[%emt 0:00:11]} 34. Nc6 {[%emt 0:00:00]} a6 {[%emt 0:02:44]} 35. Nb4 {[%emt 0:00:00]} a5 {[%emt 0:00:40]} 36. Nc6 {[%emt 0:00:00]} Rc8 {[%emt 0:00:37]} 37. Ne7 {[%emt 0:00:00]} Rxc3 {[%emt 0:00:11]} 38. Rxc3 {[%emt 0:00:00]} Bxc3 {[%emt 0:00:07]} 39. Nc8 {[%emt 0:00:00]} b5 {[%emt 0:00:53]} 0-1

[Event "FRA-ch Youth U20 2019"]
[Site "Hyeres"]
[Date "2019.04.14"]
[Round "1.3"]
[White "Pigeat, Alexandre"]
[Black "Denizet, Briac"]
[Result "1-0"]
[WhiteElo "2347"]
[BlackElo "1767"]
[Annotator "NA"]
[PlyCount "55"]
[EventDate "2019.04.14"]
[EventType "swiss"]
[EventCountry "FRA"]
[SourceTitle "playchess.com"]
[Source "ChessBase"]
[SourceQuality "1"]
[TimeControl "5400+30"]

1. d4 {[%emt 0:00:00]} Nf6 {[%emt 0:00:00]} 2. c4 {[%emt 0:00:00]} e5 {[%emt 0:00:00]} 3. dxe5 {[%emt 0:02:54]} Ng4 {[%emt 0:02:30]} 4. Nf3 {[%emt 0:00:17]} Bc5 {[%emt 0:02:20]} 5. e3 {[%emt 0:00:39]} Nc6 {[%emt 0:00:14]} 6. a3 {[%emt 0:01:08]} Ngxe5 {[%emt 0:07:06]} 7. Nxe5 {[%emt 0:01:31]} Nxe5 {[%emt 0:00:16]} 8. Be2 {[%emt 0:01:21]} a5 {[%emt 0:04:15]} 9. O-O {[%emt 0:03:41]} O-O {[%emt 0:05:55]} 10. Nd2 {[%emt 0:01:08]} Ra6 {[%emt 0:06:26]} 11. Nb3 {[%emt 0:13:54]} Be7 {[%emt 0:03:11]} 12. f4 {[%emt 0:02:44]} Nc6 {[%emt 0:09:03]} 13. Bd3 {[%emt 0:01:03]} d6 {[%emt 0:03:12]} 14. Bd2 {[%emt 0:05:58]} Bf6 {[%emt 0:05:41]} 15. Rb1 {[%emt 0:01:33]} Re8 {[%emt 0:00:57]} 16. Qc2 {[%emt 0:03:48]} h6 {[%emt 0:00:22]} 17. Nc1 {[%emt 0:04:19]} Ne7 {[%emt 0:08:55]} 18. Ne2 {[%emt 0:02:15]} Bd7 {[%emt 0:01:32]} 19. Ng3 {[%emt 0:01:41]} g6 {[%emt 0:04:36]} 20. Ne4 {[%emt 0:12:37]} Nc8 {[%emt 0:08:13]} 21. Nxf6+ {[%emt 0:03:20]} Qxf6 {[%emt 0:00:03]} 22. Bc3 {[%emt 0:00:06]} Qe7 {[%emt 0:01:03]} 23. Bxg6 {[%emt 0:02:37]} Qxe3+ {[%emt 0:02:25]} 24. Kh1 {[%emt 0:00:06]} Qe2 {[%emt 0:02:48]} 25. Bxf7+ {[%emt 0:00:26]} Kf8 {[%emt 0:02:19]} 26. Qg6 {[%emt 0:00:18]} Qg4 {[%emt 0:00:38]} 27. Bg7+ {[%emt 0:00:08]} Ke7 {[%emt 0:00:11]} 28. Qf6# {[%emt 0:00:05]} 1-0

[Event "FRA-ch Youth U20 2019"]
[Site "Hyeres"]
[Date "2019.04.14"]
[Round "1.4"]
[White "Creff, Mathis"]
[Black "Eugene, Floryan"]
[Result "0-1"]
[WhiteElo "1752"]
[BlackElo "2294"]
[Annotator "NA"]
[PlyCount "42"]
[EventDate "2019.04.14"]
[EventType "swiss"]
[EventCountry "FRA"]
[SourceTitle "playchess.com"]
[Source "ChessBase"]
[SourceQuality "1"]
[TimeControl "5400+30"]

1. e4 {[%emt 0:00:00]} e5 {[%emt 0:00:00]} 2. Nf3 {[%emt 0:00:00]} Nc6 {[%emt 0:00:00]} 3. d4 {[%emt 0:00:00]} exd4 {[%emt 0:00:04]} 4. c3 {[%emt 0:00:05]} d5 {[%emt 0:06:54]} 5. exd5 {[%emt 0:00:08]} Qxd5 {[%emt 0:00:08]} 6. cxd4 {[%emt 0:00:09]} Nf6 {[%emt 0:07:41]} 7. Nc3 {[%emt 0:00:45]} Bb4 {[%emt 0:00:25]} 8. a3 {[%emt 0:04:37]} Bxc3+ {[%emt 0:01:03]} 9. bxc3 {[%emt 0:00:09]} O-O {[%emt 0:02:13]} 10. Be2 {[%emt 0:04:47]} Ne4 {[%emt 0:07:39]} 11. Qc2 {[%emt 0:03:53]} Re8 {[%emt 0:06:48]} 12. O-O {[%emt 0:13:27]} Nxc3 {[%emt 0:02:26]} 13. Bd3 {[%emt 0:01:50]} Ne4 {[%emt 0:01:07]} 14. Rb1 {[%emt 0:05:01]} a6 {[%emt 0:19:23]} 15. Re1 {[%emt 0:19:03]} Bf5 {[%emt 0:00:52]} 16. Be3 {[%emt 0:20:06]} Nd6 {[%emt 0:02:13]} 17. Bxf5 {[%emt 0:09:44]} Nxf5 {[%emt 0:00:08]} 18. Rxb7 {[%emt 0:00:33]} Ncxd4 {[%emt 0:00:42]} 19. Qxc7 {[%emt 0:00:39]} Nxf3+ {[%emt 0:00:38]} 20. gxf3 {[%emt 0:00:10]} Nh4 {[%emt 0:00:18]} 21. Rc1 {[%emt 0:02:30]} Qxf3 {[%emt 0:02:53]} 0-1

[Event "FRA-ch Youth U20 2019"]
[Site "Hyeres"]
[Date "2019.04.15"]
[Round "2.1"]
[White "Grataloup, Quentin"]
[Black "Laurent-Paoli, Pierre"]
[Result "1/2-1/2"]
[WhiteElo "1972"]
[BlackElo "2352"]
[Annotator "TA"]
[PlyCount "208"]
[EventDate "2019.04.14"]
[EventType "swiss"]
[EventCountry "FRA"]
[SourceTitle "playchess.com"]
[Source "ChessBase"]
[SourceQuality "1"]

{[%evp 9,208,39,39,43,45,45,50,51,65,51,54,35,38,0,2,-41,-35,-33,-30,-43,-28,-41,-54,-52,-45,-51,-43,-43,-42,-45,-40,-33,-39,-64,-62,-52,-40,-54,-52,-53,-33,-122,-129,-129,-129,-128,-107,-157,-65,-70,-59,-59,-60,-89,-89,-106,-57,-58,0,0,0,0,0,-28,-17,-17,-17,-27,-25,-59,-40,-44,-17,-17,-17,-20,-20,-20,-20,-42,-42,-42,-42,-42,-28,-42,-20,-20,-20,-20,-20,-20,-20,-20,-20,-20,-20,-20,-20,-20,-20,-28,-28,-42,-20,-28,-28,-35,-28,-44,-35,-44,-44,-44,-44,-44,-44,-44,-44,-44,-44,-44,-44,-44,-44,-44,-44,-44,-44,-44,-44,-44,0,-44,-44,-44,-44,-44,-49,-50,-44,-44,-44,-44,-20,-44,-13,-44,-24,-44,-44,-44,-20,-20,-20,-20,-20,-44,-20,-44,-44,-44,-20,-44,-44,-44,-44,-44,-20,-27,-20,-44,-37,-37,-6,-6,0,0,0,-6,0,0,0,0,0,0,0,0,0,0,0,0,0,0,0,0,29,29,29,29,29]} 1. e4 Nc6 2. d4 d5 3. e5 f6 4. f4 Nh6 (4... Bf5 5. Nf3 Qd7 6. c3 Nh6 7. Be3 e6 8. Nbd2 Be7 9. Be2 O-O 10. h3 fxe5 11. fxe5 Bg6 12. O-O Nf5 {1-0 (41) Bocharov,D (2560)-Schneider,I (2481) Berlin 2015}) 5. Nf3 Bf5 6. Be2 {B00: Queen's Fianchetto Defence, Nimzowitsch Defence} e6 7. c3 Be7 8. Nbd2 {White is slightly better.} O-O 9. O-O Qe8 10. Qe1 $146 ({Predecessor:} 10. Nh4 Nd8 11. Nxf5 Nxf5 12. Bd3 Ne3 13. Qf3 Nxf1 14. Nxf1 fxe5 15. dxe5 {1-0 (68) Mueller,M (1525)-Bach,J (1772) playchess.com INT 2011}) 10... a5 11. a4 fxe5 12. Nxe5 Nxe5 13. fxe5 Qg6 14. Nf3 c5 15. Nh4 Bxh4 $1 16. Qxh4 {[#] Strongly threatening Bh5.} Be4 {[%csl Ge4][%cal Rg6g2]} 17. Qg5 Rxf1+ 18. Bxf1 cxd4 19. cxd4 Nf5 20. Qxg6 $1 hxg6 21. Bd2 Nxd4 {[#] And now ...Nb3 would win.} 22. Bc3 Nc2 23. Rc1 d4 24. Bd2 d3 25. Bc3 (25. Rd1 $1 $15) 25... b6 $17 26. Rd1 Rd8 27. Rd2 Ne3 28. Kf2 Nxf1 ({Better is} 28... Nc4 $17 29. Rd1 g5) 29. Kxf1 {[%mdl 4096] Endgame KRB-KRB} Bc6 30. b3 Bd5 31. Rb2 Rc8 32. Bd4 Rc2 {Threatens to win with ...Bxg2+.} 33. Ke1 $1 Rc6 (33... Rxb2 $15 34. Bxb2 Bxb3) 34. Kd2 $11 Be4 35. Ke3 Bf5 36. g4 Bxg4 37. Kxd3 Bf5+ 38. Ke3 g5 39. Kd2 g4 40. Bc3 Rc5 41. Bd4 Rd5 42. Kc3 b5 43. axb5 Rxb5 44. b4 axb4+ 45. Rxb4 Ra5 46. Rb2 Kh7 47. Kb4 Ra8 (47... Rd5 {is interesting.} 48. Kc4 Kg6 49. Rd2 Rd8 50. Be3 Rc8+) 48. Bf2 Kg6 49. Bg3 Rc8 50. Rd2 Rc7 51. Rd6 Kg5 52. Rd8 Be4 53. Rf8 Bd5 54. Kb5 Rc3 55. Bf4+ Kh5 56. Bg3 Rf3 57. Rg8 Kg6 58. Kc5 Rf7 59. Kd4 Kf5 60. Rd8 Rc7 61. Rf8+ Kg5 62. Ke3 Rc3+ 63. Kd2 Ra3 (63... Rf3 {with more complications.} 64. Rc8 g6 65. Rc7 Rb3 66. Kc2 Ra3) 64. Ke2 Be4 65. Kd2 Rd3+ 66. Ke2 Rd7 67. Ke3 Bf5 68. Bf4+ Kh5 69. Bg3 Rd3+ 70. Ke2 Rd7 (70... Rf3 {looks sharper.} 71. Rd8 Bb1 72. Rd7 Kh6 73. Rd4 Kg5) 71. Ke3 Kg6 72. Ke2 Kh7 73. Bh4 Rc7 {aiming for ...Rc2+.} 74. Bg3 g5 75. Rd8 Kg7 76. Ke3 Kf7 77. Ke2 Ke7 78. Rd4 Ra7 79. Kd2 Ra3 80. Ke2 Ra8 81. Kd2 Kf7 82. Rd7+ Kg6 83. Re7 Ra6 84. Re8 Kf7 85. Rd8 Be4 86. Ke3 Bd5 87. Rd7+ Kg6 88. Rd8 Ra3+ 89. Kd4 Ra4+ 90. Ke3 Kf7 91. Rd7+ Ke8 92. Rg7 Kd8 93. Kd3 Bc6 94. Ke3 Kc8 95. Kd3 Bd7 96. Rxg5 Kc7 97. Bf2 Bb5+ 98. Kc3 Kc6 99. Bg3 Kd5 100. Rg7 Be2 101. Rf7 Ra3+ 102. Kd2 Ra2+ 103. Ke3 Bb5 104. Kf4 Ra4+ {Accuracy: White = 66%, Black = 49%.} 1/2-1/2

[Event "FRA-ch Youth U20 2019"]
[Site "Hyeres"]
[Date "2019.04.15"]
[Round "2.2"]
[White "Philippe, Guillaume"]
[Black "Francez, Theo"]
[Result "1-0"]
[WhiteElo "2352"]
[BlackElo "1968"]
[Annotator "TA"]
[PlyCount "79"]
[EventDate "2019.04.14"]
[EventType "swiss"]
[EventCountry "FRA"]
[SourceTitle "playchess.com"]
[Source "ChessBase"]
[SourceQuality "1"]

{[%evp 19,79,58,55,51,35,23,14,18,40,37,34,36,61,67,86,81,70,78,83,72,79,69,75,52,86,89,118,116,169,163,161,180,176,172,190,200,214,214,213,212,208,211,208,206,229,230,239,233,229,227,286,288,326,322,314,314,329,320,330,327,323,299]} 1. e4 e6 2. d4 d5 3. Nd2 Nc6 4. Ngf3 Nf6 5. e5 Nd7 6. Be2 f6 7. exf6 Qxf6 8. Nf1 Bd6 9. Ne3 O-O 10. O-O Qg6 11. c4 {C04: French Tarrasch: 3...Nc6} Nf6 12. Bd3 Qh5 {[#] And now ...Nxd4! would win.} 13. h3 {[#] The position is equal.} Bd7 $146 ({Predecessor:} 13... b6 14. Ng4 Nxg4 15. hxg4 Qxg4 16. Bxh7+ Kh8 17. Bb1 dxc4 18. Re1 Rxf3 {1-0 (44) Khamrakulov,I (2597)-Arizmendi Martinez,J (2524) Ceuta 2008}) 14. b3 e5 {White must now prevent ...e4.} 15. Nxd5 Nxd5 16. cxd5 Nxd4 17. Nxd4 Qxd1 18. Rxd1 exd4 19. Bb2 Rf4 20. g3 Rff8 21. Bf1 Bc5 {and if ...d3! works, Black does fine.} 22. Bxd4 Bxd4 23. Rxd4 Rf6 (23... c6 $16 24. dxc6 Bxc6 25. Bc4+ Kh8) 24. Rc1 $18 Rc8 25. Rdc4 c6 26. Bg2 Rcf8 27. dxc6 Bxc6 28. Bxc6 bxc6 {[%mdl 4096] Endgame KRR-KRR} 29. R1c2 ({Resist} 29. Rxc6 $6 Rxf2 30. R1c2 R2f3 $16) 29... Rc8 30. b4 a6 31. Rc5 Rb8 32. a3 ({Don't take} 32. Rxc6 $6 Rxb4 33. Rc8+ Rf8 $16) 32... Rf3 33. Ra5 ({But not} 33. Rxc6 $6 Rxa3 34. Rc7 Rf3 $16) 33... Rb6 34. Rd2 Rf8 35. Rd7 {White has a decisive advantage.} Rf7 36. Rxf7 Kxf7 37. Kf1 Ke8 38. Ke2 Kd8 39. Kd3 Kc8 40. Rf5 {Accuracy: White = 99%, Black = 42%.} 1-0

[Event "FRA-ch Youth U20 2019"]
[Site "Hyeres"]
[Date "2019.04.15"]
[Round "2.3"]
[White "Conjat, Esteban"]
[Black "Pigeat, Alexandre"]
[Result "0-1"]
[WhiteElo "1969"]
[BlackElo "2347"]
[Annotator "TA"]
[PlyCount "109"]
[EventDate "2019.04.14"]
[EventType "swiss"]
[EventCountry "FRA"]
[SourceTitle "playchess.com"]
[Source "ChessBase"]
[SourceQuality "1"]

{[%evp 12,109,12,0,-1,-6,-3,-12,-4,-10,-4,0,0,0,28,9,14,-2,70,-44,0,0,0,-39,29,0,12,12,26,-28,21,-11,0,0,91,0,0,-16,0,0,0,0,72,-56,-32,-8,-15,-112,-115,-129,0,0,0,0,2,-122,-110,-120,-116,-102,-102,-102,-102,-110,-53,-43,-33,-36,0,0,8,-33,-33,-33,-36,-40,-40,-42,-52,-114,-130,-174,-154,-349,-180,-187,-189,-168,-183,-156,-165,-247,-231,-229,-206,-689,-623,-783,-759,-29981]} 1. e4 e6 2. d4 d5 3. Nc3 Bb4 4. e5 Ne7 5. a3 Bxc3+ 6. bxc3 b6 7. a4 Ba6 {C16: French: 3 Nc3 Bb4 4 e5: Lines without ...c5} 8. Bxa6 Nxa6 9. Qd3 (9. Ne2 Nb8 10. Ba3 Nbc6 11. Nf4 g6 12. Bb4 Qd7 13. Qd3 Nxb4 14. cxb4 c5 15. bxc5 {½-½ (15) Fier,A (2490)-Rodriguez Vila,A (2496) Sao Paulo 2006}) 9... Nb8 {The position is equal.} 10. Ba3 Nbc6 11. Nf3 Na5 12. Nd2 Ng6 $146 ({Predecessor:} 12... O-O 13. O-O Qd7 14. f4 Rac8 15. g4 {½-½ (40) Kacakovski,D (2133)-Percivaldi,M (2361) Ohrid 2016}) 13. Bb4 Nc6 14. Qb5 Kd7 (14... Qd7 $11) 15. Qd3 (15. a5 $1 $14) 15... h5 16. g3 h4 17. O-O-O Kc8 (17... Nxb4 $15 18. cxb4 a5) 18. f4 Qd7 19. Qa6+ Kd8 20. Nb3 (20. Nf3 $142) 20... Nce7 21. c4 Nf5 22. cxd5 exd5 (22... Qxd5 $11 23. c4 Qg2) 23. Qb7 (23. g4 $16 Ne3 {[%mdl 64] Double Attack} 24. Rde1) 23... Rc8 $11 24. Rhg1 hxg3 25. hxg3 Rh3 26. Rd3 Nfe7 (26... a5 $11 27. Bxa5 Nge7) 27. Rc3 ({White should play} 27. Qa6 $16) 27... Qxa4 28. Bxe7+ $1 Nxe7 29. Kb2 (29. f5 $1 $11 {remains equal.}) 29... a5 $1 $17 30. f5 f6 ({Better is} 30... Qd7 $1 $17 31. e6 fxe6 32. fxe6 Qxe6) 31. exf6 $11 gxf6 32. Re1 {Intending Rxe7! and mate.} Rh8 33. Rxe7 (33. Re6 $11 {keeps the balance.} Qb5 34. g4 {[%mdl 64] Decoy}) 33... Kxe7 $17 34. Rxc7+ Rxc7 35. Qxc7+ $11 {[%mdl 4096] Endgame KQR-KQN} Qd7 36. Qxb6 Qxf5 37. Nxa5 Rc8 (37... Qd7 $17 {aiming for ...Rc8.} 38. Nb3 Kf7) 38. Nc6+ $1 $15 Ke8 39. Nb4 Rd8 40. g4 Qf4 41. c3 Qd6 42. Qb5+ Kf7 43. Qd3 $1 Kg7 44. Qf5 Qd7 45. Qh5 (45. Qf3 $15) 45... Qe6 $17 {Hoping for ...Qe2+.} 46. g5 f5 47. Qh1 $2 (47. Qh2 $17) 47... Qe2+ (47... f4 $142 48. Kb3 Qf5 49. Qh6+ Kg8) 48. Ka3 {Threatens to win with Qh6+.} Ra8+ 49. Kb3 {[#]} Qc4+ $1 50. Kb2 {[#]} Rh8 $1 {[%cal Rh8h1]} 51. Qe1 (51. Qg2 $142) 51... Rh2+ $19 52. Ka3 {Black must now prevent Qe5+.} Re2 53. Qc1 $2 (53. Qg3) 53... Re4 54. Kb2 f4 55. Qd1 {Accuracy: White = 32%, Black = 46%.} 0-1

[Event "FRA-ch Youth U20 2019"]
[Site "Hyeres"]
[Date "2019.04.15"]
[Round "2.4"]
[White "Eugene, Floryan"]
[Black "Gits, Alexis"]
[Result "1-0"]
[WhiteElo "2294"]
[BlackElo "1945"]
[Annotator "RC"]
[PlyCount "80"]
[EventDate "2019.04.14"]
[EventType "swiss"]
[EventCountry "FRA"]
[SourceTitle "playchess.com"]
[Source "ChessBase"]
[SourceQuality "1"]
[TimeControl "5400+30"]

1. e4 {[%emt 0:00:00]} e5 {[%emt 0:00:03]} 2. Nf3 {[%emt 0:00:00]} d6 {[%emt 0:00:15]} 3. Bc4 {[%emt 0:01:33]} Be7 {[%emt 0:00:13]} 4. O-O {[%emt 0:02:07]} Nf6 {[%emt 0:00:22]} 5. d3 {[%emt 0:05:19]} Nc6 {[%emt 0:06:20]} 6. a4 {[%emt 0:00:12]} O-O {[%emt 0:02:10]} 7. c3 {[%emt 0:06:56]} Bg4 {[%emt 0:19:42]} 8. h3 {[%emt 0:00:46]} Bh5 {[%emt 0:00:50]} 9. Nbd2 {[%emt 0:01:09]} Qd7 {[%emt 0:00:53]} 10. Re1 {[%emt 0:05:08]} Bg6 {[%emt 0:20:38]} 11. Nf1 {[%emt 0:03:04]} Rfe8 {[%emt 0:06:57]} 12. Ng3 {[%emt 0:01:58]} Bf8 {[%emt 0:37:37]} 13. Nh4 {[%emt 0:08:28]} d5 {[%emt 0:00:00]} 14. exd5 Nxd5 {[%emt 0:00:00]} 15. Nxg6 hxg6 16. a5 {[%emt 0:05:53]} Nf4 17. Qf3 {[%emt 0:06:37]} g5 18. Ne4 {[%emt 0:49:50]} Qf5 {[%emt 0:00:00]} 19. a6 {[%emt 0:00:00]} Nd8 {[%emt 0:00:00]} 20. Nxg5 {[%emt 0:00:00]} Qxg5 {[%emt 0:00:00]} 21. Bxf4 {[%emt 0:00:00]} Qf6 22. d4 {[%emt 0:02:00]} Rb8 {[%emt 0:05:00]} 23. Bxe5 {[%emt 0:00:30]} Qxf3 {[%emt 0:00:00]} 24. gxf3 {[%emt 0:00:00]} bxa6 25. b4 {[%emt 0:00:00]} Nc6 26. Rxa6 {[%emt 0:01:30]} Nxe5 {[%emt 0:00:00]} 27. dxe5 {[%emt 0:00:00]} c5 28. Rxa7 {[%emt 0:01:00]} Re7 {[%emt 0:00:00]} 29. Rxe7 {[%emt 0:00:00]} Bxe7 {[%emt 0:00:00]} 30. b5 {[%emt 0:00:00]} Kf8 {[%emt 0:00:00]} 31. Ra1 {[%emt 0:00:00]} f6 {[%emt 0:00:00]} 32. f4 {[%emt 0:00:00]} g5 {[%emt 0:01:05]} 33. Ra7 {[%emt 0:00:00]} gxf4 {[%emt 0:00:44]} 34. exf6 {[%emt 0:00:00]} Bd6 {[%emt 0:00:07]} 35. Rg7 {[%emt 0:00:00]} Ke8 36. Bd5 {[%emt 0:04:00]} Bf8 {[%emt 0:05:04]} 37. Bc6+ {[%emt 0:00:00]} Kd8 {[%emt 0:00:00]} 38. Rd7+ {[%emt 0:00:00]} Kc8 {[%emt 0:00:00]} 39. Rf7 {[%emt 0:00:00]} Bd6 {[%emt 0:00:00]} 40. c4 {[%emt 0:00:00]} Be5 {[%emt 0:00:00]} 1-0

[Event "FRA-ch Youth U20 2019"]
[Site "Hyeres"]
[Date "2019.04.15"]
[Round "3.1"]
[White "Guerlach, Keigo"]
[Black "Philippe, Guillaume"]
[Result "1/2-1/2"]
[WhiteElo "2071"]
[BlackElo "2352"]
[Annotator "NA"]
[PlyCount "50"]
[EventDate "2019.04.14"]
[EventType "swiss"]
[EventCountry "FRA"]
[SourceTitle "playchess.com"]
[Source "ChessBase"]
[SourceQuality "1"]
[TimeControl "5400+30"]

1. c4 {[%emt 0:06:16]} Nf6 {[%emt 0:25:11]} 2. Nc3 {[%emt 0:00:30]} e6 {[%emt 0:00:30]} 3. e4 {[%emt 0:00:30]} c5 {[%emt 0:00:30]} 4. Nf3 {[%emt 0:00:30]} d6 {[%emt 0:00:30]} 5. d4 {[%emt 0:00:30]} cxd4 {[%emt 0:00:30]} 6. Nxd4 {[%emt 0:00:30]} a6 {[%emt 0:00:30]} 7. Be2 {[%emt 0:00:30]} b6 {[%emt 0:00:30]} 8. O-O {[%emt 0:00:30]} Bb7 {[%emt 0:00:30]} 9. f3 {[%emt 0:00:30]} Be7 {[%emt 0:00:30]} 10. Be3 {[%emt 0:00:30]} O-O {[%emt 0:00:30]} 11. Qd2 {[%emt 0:00:30]} Nbd7 {[%emt 0:00:30]} 12. Rfd1 {[%emt 0:00:30]} Qc7 {[%emt 0:00:30]} 13. Rac1 {[%emt 0:00:30]} Rac8 {[%emt 0:00:30]} 14. b3 {[%emt 0:00:30]} Rfe8 {[%emt 0:00:30]} 15. Nc2 {[%emt 0:00:30]} b5 {[%emt 0:00:30]} 16. Bf4 {[%emt 0:00:30]} bxc4 $11 {[%emt 0:00:30]} 17. Bxc4 {[%emt 0:00:30]} Ne5 {[%emt 0:00:30]} 18. Ne3 {[%emt 0:00:30]} Red8 {[%emt 0:00:30]} 19. Na4 {[%emt 0:00:30]} Qb8 {[%emt 0:00:30]} 20. Kh1 {[%emt 0:00:30]} Qa7 {[%emt 0:00:30]} 21. Qa5 {[%emt 0:00:30]} Nfd7 {[%emt 0:00:30]} 22. Nf1 {[%emt 0:00:30]} Nc6 {[%emt 0:00:30]} 23. Qe1 {[%emt 0:00:30]} Nce5 {[%emt 0:00:30]} 24. Qa5 {[%emt 0:00:30]} Qf2 {[%emt 0:00:30]} 25. Bg3 {[%emt 0:00:30]} Qa7 {[%emt 0:00:30]} 1/2-1/2